000 02637nam a2200397 i 4500
001 CR9780511975370
003 UkCbUP
005 20250131171212.0
006 m|||||o||d||||||||
007 cr||||||||||||
008 141103s2011||||enk o ||1 0|eng|d
020 _a9780511975370 (ebook)
020 _z9780521833721 (hardback)
020 _z9780521541558 (paperback)
040 _aKO
_beng
041 0 _aeng
082 0 0 _a947.9
_222
100 1 _aPlakans, Andrejs,
_eauthor.
245 1 2 _aA concise history of the Baltic States /
_cAndrejs Plakans.
264 1 _aCambridge :
_bCambridge University Press,
_c2011.
300 _a1 online resource (xvi, 472 pages) :
_bdigital, PDF file(s).
338 _aonline resource
490 1 _aCambridge concise histories
500 _aTitle from publisher's bibliographic system (viewed on 05 Oct 2015).
505 0 _aPeoples of the eastern Baltic littoral -- New order, 1200-1500 -- New order reconfigured, 1500-1710 -- Installing hegemony: the littoral and tsarist Russia, 1710-1800 -- Reforming and controlling the Baltic littoral, 1800-1855 -- Five decades of transformations, 1855-1905 -- Statehood in troubled times, 1905-1940 -- Return of empires, 1940-1991 -- Reentering Europe, 1991-
520 _aThe Baltic region is frequently neglected in broader histories of Europe and its international significance can be obscured by separate treatments of the various Baltic states. With this wide-ranging survey, Andrejs Plakans presents an integrated history of three Baltic peoples - Estonians, Latvians and Lithuanians - and draws out the common threads to show how it has been shaped by their location in a strategically desirable corner of Europe. Subordinated in turn by Baltic German landholders, the Polish nobility and gentry, and then by Russian and Soviet administrators, the three nations have nevertheless kept their distinctive identities - significantly retaining three separate languages in an ethnically diverse region. The book traces the countries' evolution from their ninth-century tribal beginnings to their present status as three thriving and separate nation states, focusing particularly on the region's complex twentieth-century history, which culminated in the eventual re-establishment of national sovereignty after 1991.
651 0 _aBaltic States
_xHistory.
651 0 _aBaltic States
_xPolitics and government.
651 0 _aBaltic States
_xCivilization.
830 0 _aCambridge concise histories.
856 4 0 _uhttps://doi.org/10.1017/CBO9780511975370
904 _aRUDRA_R
905 _aR_RANJAN
942 _2ddc
_cEB
999 _c3301
_d3301